Motivace v řídicí praxi

Gespeichert in:
Bibliographische Detailangaben
1. Verfasser: Bouček, Vladimír
Weitere Verfasser: Herbolt, Josef
Format: Buch
Sprache:Tschechisch
Veröffentlicht: Praha Svoboda 1978
Tags: Tag hinzufügen
Keine Tags, Fügen Sie das erste Tag hinzu!

MARC

LEADER 00000nam a2200000 4500
001 c119842
005 20230105083759.1
041 0 |a cze 
044 |a CZ 
245 1 0 |a Motivace v řídicí praxi  |c Vladimír Bouček, Josef Herbolt 
264 1 |a Praha  |b Svoboda  |c 1978 
300 |a 130 s. 
100 1 |a Bouček, Vladimír 
700 1 |a Herbolt, Josef